| 000 | 01011nam a2200253Ia 4500 | ||
|---|---|---|---|
| 003 | OSt | ||
| 005 | 20220923211228.0 | ||
| 006 | a|||||r|||| 00| 0 | ||
| 007 | ta | ||
| 008 | 220922b |||||||| |||| 00| 0 hin d | ||
| 020 |
_a9788171103676 (hbk) _c400 |
||
| 024 | _a245,538 | ||
| 037 |
_b352, 13/01/2011, Vidyanidhi Prakashan _cTextual |
||
| 040 |
_aARTS _cARTS _bhin |
||
| 041 |
_2hin _ahin |
||
| 082 | _aO15:gxE55,1, 152Q0 | ||
| 100 | _aरामचन्द्र | ||
| 245 | 0 | _aसास्वतीकण्ठाभरण और सिद्धान्तकौमुदी का सा›पा› विवेचन | |
| 246 | _aSāsvatīkaṇṭhābharaṇ aur siddhāntakaumudī kā sā›pā› vivechana | ||
| 260 |
_aदिल्ली _b परिमल पब्लिकेशन्स _c2010 |
||
| 300 |
_a278पृ. _ccm. |
||
| 942 |
_hO15:gxE55,1, 152Q0 _cTEXL _2CC |
||
| 999 |
_c297283 _d297283 |
||